| 000 | 01818cam a2200385 i 4500 | ||
|---|---|---|---|
| 001 | 20674442 | ||
| 003 | OSt | ||
| 005 | 20240328085347.0 | ||
| 008 | 180919s2019 enk b 001 0 eng | ||
| 010 | _a 2018044813 | ||
| 020 |
_a9781138240254 _q(hardback) |
||
| 020 |
_a9781138240285 _q(pbk.) |
||
| 020 |
_z9781315284095 _q(e-book) |
||
| 020 |
_z9781315284071 _qebook |
||
| 040 |
_aDLC _beng _cDLC _erda _dDLC |
||
| 042 | _apcc | ||
| 050 | 0 | 0 |
_aNA1995 _b.C42 2019 |
| 082 | 0 | 0 |
_a720.1 C42 2019 _223 |
| 100 | _aHensel, Michaels U. | ||
| 245 | 0 | 4 |
_aThe changing shape of architecture : _bfurther cases of integrating research and design in practice / _cedited by Michael U. Hensel and Fredrik Nilsson. |
| 264 | 1 |
_aLondon : _bRoutledge, Taylor & Francis Group, _c2019. |
|
| 300 |
_axiv, 192 pages ; _c29 cm |
||
| 336 |
_atext _btxt _2rdacontent |
||
| 337 |
_aunmediated _bn _2rdamedia |
||
| 338 |
_avolume _bnc _2rdacarrier |
||
| 504 | _aIncludes bibliographical references and index. | ||
| 505 | 2 | _aCurrent changes in conditions and contexts for architectural research and practice : a brief introduction / Michael U. Hensel and Fredrik Nilsson -- On the necessity of messy research : Nader Tehrani / Brandon Clifford -- Designing fusion points of urban design, practice and research : the case of Älvstranden Utveckling and RiverCity Gothenburg / Fredrik Nilsson, Lena Andersson and Åsa Swan. | |
| 650 | 0 | _aArchitectural practice. | |
| 650 | 0 |
_aArchitecture _xResearch. |
|
| 700 | 1 |
_aHensel, Michael, _eeditor. |
|
| 700 | 1 |
_aNilsson, Fredrik, _d1965- _eeditor. |
|
| 906 |
_a7 _bcbc _corignew _d1 _eecip _f20 _gy-gencatlg |
||
| 942 |
_2ddc _cBK-EN _n0 |
||
| 999 |
_c6650 _d6650 |
||